Higiene de los establecimientos penales y del penado / (Record no. 158988)

MARC details
000 -LEADER
campo de control de longitud fija 01058nam a2200205 i 4500
001 - NÚMERO DE CONTROL
campo de control 158988
003 - IDENTIFICADOR DE NÚMERO DE CONTROL
campo de control ES-MaACL
005 - FECHA Y HORA DE LA ÚLTIMA TRANSACCIÓN
campo de control 20250719062543.0
008 - DATOS DE LONGITUD FIJA--INFORMACIÓN GENERAL
campo de control de longitud fija 040906s1888 sp |||| | spa d
100 1# - ENTRADA PRINCIPAL--NOMBRE DE PERSONA
Nombre de persona Martínez Esteban, Ricardo.
9 (RLIN) 129626
245 10 - MENCIÓN DEL TÍTULO
Título Higiene de los establecimientos penales y del penado /
Mención de responsabilidad, etc. por Ricardo Martínez Esteban.
260 ## - PUBLICACIÓN, DISTRIBUCIÓN, ETC.
Lugar de publicación, distribución, etc. Alcalá de Henares :
Nombre del editor, distribuidor, etc. [s.n.],
Fecha de publicación, distribución, etc. 1888 (
Fabricante Imp. de "La cuna de Cervantes")
300 ## - DESCRIPCIÓN FÍSICA
Extensión 50 p. ;
Dimensiones 19 cm.
650 #4 - PUNTO DE ACCESO ADICIONAL DE MATERIA--TÉRMINO DE MATERIA
Término de materia o nombre geográfico como elemento de entrada Establecimientos penitenciarios-
Subdivisión geográfica España.
9 (RLIN) 145832
852 ## - LOCALIZACIÓN
Ubicación ES-MaACL
Número de control de estantería D-91(1)
Sublocalización o colección R.FOLL.7/1
Ubicación en estantería Sala Valle Inclán
Donativo/Legado Donación: Francisco Lastres y Juiz
itemnumber 164917
Signatura antigua Olim: 193-C-14
Marcas de propiedad Sello en tinta en portada: "Donativo del Sr. Lastres al Ateneo de Madrid 1907"
Anotaciones manuscritas Anotación manuscrita en portada: "Foletos penitenciarios. Tomo 14"
Encuadernación Enuadernado con otras obras formando un volumen facticio
-- Encuadernación holandesa
903 ## - NOMBRE PERSONAL DE DONANTE
a Lastres y Juiz, Francisco,
d 1848-1918
q 1
e Donante
9 70504
942 ## - ELEMENTOS DE ENTRADA SECUNDARIOS (KOHA)
Fuente del sistema de clasificación o colocación Clasificación decimal universal
Tipo de ítem Koha Folleto
Holdings
Estatus retirado Estado de pérdida Fuente del sistema de clasificación o colocación Estado de daño No para préstamo Colección Biblioteca de origen Biblioteca actual Ubicación en estantería Fecha de adquisición Fuente de adquisición Total de préstamos Signatura topográfica completa Código de barras Visto por última vez Precio de reemplazo Tipo de ítem Koha
    Clasificación decimal universal     Colección de folletos Biblioteca del Ateneo de Madrid Biblioteca del Ateneo de Madrid Sala Valle Inclán 17/01/2008 Donación   D-91(1) 901166426 23/02/2023 23/02/2023 Folleto